000 00456nam a2200193Ia 4500
003 OSt
005 20250902093731.0
008 250729s2005 xx 000 0 und d
020 _a978-8176489782
040 _cAL
041 _aeng
082 _a157 MAHA
100 _aMohamed Jaffer
_9222369
245 _aAbnormal psychology
260 _aNew Delhi
_bA P H Publishing
_c2005
300 _a334p
650 _aPsychology
_9222370
942 _2ddc
_cBED
999 _c235430
_d235430